ប្រសិទ្ធភាពអង់ទីប៊ីយ៉ូទិចបីប្រភេទលើជំងឺរាកកូនជ្រូកអំឡុងពេលបំបៅដោះ នៅកសិដ្ឋាន​មិន គឹម សាន ស្រុកគងពិសីខេត្តកំពង់ស្ពឺ, effect of three antibiotics on diaeehea of suckling piglets at min kimsan farm kong pisei district, kampong speu provincee (Record no. 19721)

000 -LEADER
fixed length control field 00850nam a22001577a 4500
003 - CONTROL NUMBER IDENTIFIER
control field LRUA
005 - DATE AND TIME OF LATEST TRANSACTION
control field 20210908084541.0
008 - FIXED-LENGTH DATA ELEMENTS--GENERAL INFORMATION
fixed length control field 210818b xxu||||| |||| 00| 0 eng d
040 ## - CATALOGING SOURCE
Transcribing agency RUA
082 ## - DEWEY DECIMAL CLASSIFICATION NUMBER
Classification number VEM KEN 2014 B434 Or.
100 ## - MAIN ENTRY--PERSONAL NAME
9 (RLIN) 14662
Personal name កេង​ រតនា, KENG RATHANA
245 ## - TITLE STATEMENT
Title ប្រសិទ្ធភាពអង់ទីប៊ីយ៉ូទិចបីប្រភេទលើជំងឺរាកកូនជ្រូកអំឡុងពេលបំបៅដោះ នៅកសិដ្ឋាន​មិន គឹម សាន ស្រុកគងពិសីខេត្តកំពង់ស្ពឺ, effect of three antibiotics on diaeehea of suckling piglets at min kimsan farm kong pisei district, kampong speu provincee
260 ## - PUBLICATION, DISTRIBUTION, ETC. (IMPRINT)
Place of publication, distribution, etc. phnom penh
Name of publisher, distributor, etc. rua
Date of publication, distribution, etc. 2014
300 ## - PHYSICAL DESCRIPTION
Extent ix, 42p
Other physical details ill,
Dimensions 29cm,
942 ## - ADDED ENTRY ELEMENTS (KOHA)
Source of classification or shelving scheme
Koha item type VEM
Holdings
Price effective from Date last seen Permanent Location Not for loan Date acquired Source of classification or shelving scheme Koha item type Barcode Lost status Damaged status Shelving location Withdrawn status Current Location Full call number
2021-08-182021-08-18Library Block B 2021-08-18 VEMA065956  B434 Library Block BVEM KEN 2014 B434 Or.1
2021-08-182021-08-18Library Block B 2021-08-18 VEMA066020  B434 Library Block BVEM KEN 2014 B434 Or.1
2021-08-182021-08-18Library Block B 2021-08-18 VEMA065724  B434 Library Block BVEM KEN 2014 B434 Or.1
មជ្ឈមណ្ឌលឯការនៃសាកលវិទ្យាល័យភូមិន្ទកសិកម្មចំការដូង

Powered by Koha